Petroleum reservoir rock and fluid properties / (Record no. 22319)
[ view plain ]
| 000 -LEADER | |
|---|---|
| fixed length control field | 01720cam a22003255i 4500 |
| 001 - CONTROL NUMBER | |
| control field | 17530692 |
| 003 - CONTROL NUMBER IDENTIFIER | |
| control field | EG-ScBUE |
| 005 - DATE AND TIME OF LATEST TRANSACTION | |
| control field | 20260315095129.0 |
| 008 - FIXED-LENGTH DATA ELEMENTS--GENERAL INFORMATION | |
| fixed length control field | 121026t2013 flua frb 001 0 eng d |
| 020 ## - INTERNATIONAL STANDARD BOOK NUMBER | |
| International Standard Book Number | 9781439876367 |
| 040 ## - CATALOGING SOURCE | |
| Original cataloging agency | EG-ScBUE |
| Language of cataloging | eng |
| Description conventions | rda |
| Transcribing agency | EG-ScBUE |
| Modifying agency | EG-ScBUE |
| 082 04 - DEWEY DECIMAL CLASSIFICATION NUMBER | |
| Classification number | 553.282 |
| Edition number | 22 |
| Item number | DAN |
| 100 1# - MAIN ENTRY--PERSONAL NAME | |
| Personal name | Dandekar, Abhijit Y., |
| 9 (RLIN) | 13735 |
| Relator term | author. |
| 245 10 - TITLE STATEMENT | |
| Title | Petroleum reservoir rock and fluid properties / |
| Statement of responsibility, etc | Abhijit Y. Dandekar. |
| 250 ## - EDITION STATEMENT | |
| Edition statement | Second edition. |
| 264 #1 - PUBLICATION, DISTRIBUTION, ETC. (IMPRINT) | |
| Place of publication, distribution, etc | Boca Raton, FL : |
| Name of publisher, distributor, etc | CRC Press / Taylor & Francis Group, |
| Date of publication, distribution, etc | [2013] |
| 264 #4 - PUBLICATION, DISTRIBUTION, ETC. (IMPRINT) | |
| Date of publication, distribution, etc | c2013 |
| 300 ## - PHYSICAL DESCRIPTION | |
| Extent | xxv, 518 pages : |
| Other physical details | illustrations ; |
| Dimensions | 24 cm |
| 336 ## - CONTENT TYPE | |
| Source | rdacontent |
| Content type term | text |
| Content type code | txt |
| 337 ## - MEDIA TYPE | |
| Media type term | unmediated |
| Source | rdamedia |
| Media type code | n |
| 338 ## - CARRIER TYPE | |
| Carrier type term | volume |
| Carrier type code | nc |
| Source | rdacarrier |
| 504 ## - BIBLIOGRAPHY, ETC. NOTE | |
| Bibliography, etc | Includes bibliographical references and index. |
| 520 ## - SUMMARY, ETC. | |
| Summary, etc | "The primary purpose and scope of this book was already covered in great details in the 1st edition. Therefore, rather than repeating that information again and dwelling on the details, only the highlights and changes made in the 2nd edition distinguishing it from the 1st edition are included here. Chapter 1 still serves as an overall introduction to petroleum reservoir rock and fluid properties, but has now been organized in a more systematic and easy to understand manner. The discussion begins with a basic definition and significance of "petroleum"; "reservoir"; "rock" and "fluids"--Provided by publisher. |
| 650 #7 - SUBJECT ADDED ENTRY--TOPICAL TERM | |
| Topical term or geographic name as entry element | Petroleum reserves |
| General subdivision | Fluid dynamics. |
| Source of heading or term | BUEsh |
| 9 (RLIN) | 41048 |
| 650 #7 - SUBJECT ADDED ENTRY--TOPICAL TERM | |
| Topical term or geographic name as entry element | Petroleum reserves |
| General subdivision | Mechanical properties. |
| Source of heading or term | BUEsh |
| 9 (RLIN) | 12927 |
| 650 #7 - SUBJECT ADDED ENTRY--TOPICAL TERM | |
| Topical term or geographic name as entry element | Petroleum engineering. |
| Source of heading or term | BUEsh |
| 9 (RLIN) | 5223 |
| 653 ## - INDEX TERM--UNCONTROLLED | |
| Resource For college | Engineering, Petroleum |
| Arrived date list | September2016 |
| 655 ## - INDEX TERM--GENRE/FORM | |
| Form subdivision | Reading book |
| 942 ## - ADDED ENTRY ELEMENTS (KOHA) | |
| Source of classification or shelving scheme | Dewey Decimal Classification |
| Koha item type | Book - Borrowing |
| Withdrawn status | Lost status | Source of classification or shelving scheme | Damaged status | Not for loan | Collection code | Home library | Current library | Shelving location | Date acquired | Source of acquisition | Cost, normal purchase price | Serial Enumeration / chronology | Total Checkouts | Total Renewals | Full call number | Barcode | Date last seen | Date checked out | Cost, replacement price | Price effective from | Koha item type |
|---|---|---|---|---|---|---|---|---|---|---|---|---|---|---|---|---|---|---|---|---|---|
| Dewey Decimal Classification | Scientific home BookShop | Central Library | Central Library | First floor | 07/09/2016 | Purchase | 1100.00 | 2690 | 5 | 36 | 553.282 DAN | 000033565 | 15/07/2025 | 03/06/2021 | 1375.00 | 07/09/2016 | Book - Borrowing |